000
00345nam a2200145Ia 4500
100
_a
Microsoft Enterprises Series
942
_c
BK
654
_a
Computer
245
_a
Connecting to your Database Version 4.0
260
_b
Power soft Corporations
_a
USA
_c
1994
082
_a
5.74
_b
POW
300
_a
446
546
_a
ENGLISH
999
_c
28784
_d
28784